Immigration Südafrika - Statistiken

Allgemein
  • Dieses Quiz wurde 61 mal gespielt
  • Das Durchschnittsergebnis liegt bei 27 aus 35
Antwortstatistiken
Platz Land Anzahl % Korrekt
19. Deutschland 16.595
94%
12. Namibia 36.671
94%
9. Angola 47.945
92%
6. Demokratische Republik Kongo 63.892
91%
14. Indien 29.935
91%
2. Mosambik 350.463
91%
16. Republik Kongo 23.713
91%
30. Frankreich 9.124
89%
1. Simbabwe 690.243
89%
33. Vereinigte Staaten 7.429
89%
3. Lesotho 192.008
87%
18. Kenia 19.901
87%
28. Niederlande 10.186
87%
10. Eswatini 45.435
85%
13. Nigeria 36.210
85%
17. Sambia 22.901
85%
5. Vereinigtes Königreich 67.382
85%
8. Botswana 50.475
83%
34. China 6.914
83%
15. Italien 28.122
83%
35. Kanada 6.859
83%
25. Tansania 11.544
79%
29. Belgien 9.577
72%
31. Ghana 8.034
72%
7. Somalia 58.491
72%
11. Äthiopien 44.181
70%
4. Malawi 94.119
70%
22. Pakistan 13.325
58%
23. Polen 11.900
57%
24. Portugal 11.861
55%
32. Burundi 7.894
53%
21. Irland 14.582
47%
20. Bangladesch 15.565
43%
26. Griechenland 10.878
34%
27. Mauritius 10.243
32%
Keine übereinstimmenden Quizze gefunden
Verteilung der Resultate
Anzahl Personen mit jedem Resultat
Perzentil nach korrekt beantworteten Fragen
Ihre Resultats-Entwicklung
Sie haben dieses Quiz noch nicht gespielt